书目信息 |
| 题名: |
化学生物学进展
|
|
| 作者: | 张礼和 , 王梅祥 主编 | |
| 分册: | ||
| 出版信息: | 北京 化学工业出版社 2005.08 |
|
| 页数: | 529页 | |
| 开本: | 23cm | |
| 丛书名: | 化学进展丛书 | |
| 单 册: | ||
| 中图分类: | Q5 | |
| 科图分类: | ||
| 主题词: | 生物化学--sheng wu hua xue--研究--进展--世界 | |
| 电子资源: | ||
| ISBN: | 7-5025-7300-3 | |
| 000 | 00982nam 2200289 450 | |
| 001 | 012006641141 | |
| 005 | 20060313131455.87 | |
| 010 | @a7-5025-7300-3@b精装@dCNY75.00 | |
| 100 | @a20060313d2005 km y0chiy0120 ea | |
| 101 | 0 | @achi |
| 102 | @aCN@b110000 | |
| 105 | @aa a 000yy | |
| 200 | 1 | @a化学生物学进展@Ahua xue sheng wu xue jin zhan@f张礼和, 王梅祥主编@Fzhang li he,wang mei xiang zhu bian |
| 210 | @a北京@c化学工业出版社@d2005.08 | |
| 215 | @a529页@c图@d23cm | |
| 225 | 2 | @a化学进展丛书@Ahua xue jin zhan cong shu |
| 300 | @a并列题名取自封面。 | |
| 320 | @a有书目。 | |
| 330 | @a本书主要介绍了国内外化学生物学发展的前沿动态和研究重点以及未来的发展趋势。 | |
| 410 | 0 | @12001 @a化学进展丛书 |
| 510 | 1 | @aAdvances in Chemicobiology@zeng |
| 606 | 0 | @a生物化学@Asheng wu hua xue@x研究@x进展@y世界 |
| 690 | @aQ5@v4 | |
| 701 | 0 | @a张礼和@Azhang li he@4主编 |
| 701 | 0 | @a王梅祥@Awang mei xiang@4主编 |
| 801 | 0 | @aCN@bQSSK@c20060313 |
| 905 | @a10447@dQ5@eZ132 | |
| 化学生物学进展/张礼和, 王梅祥主编.-北京:化学工业出版社,2005.08 |
| 529页:图;23cm.-(化学进展丛书) |
| 并列题名取自封面。 |
| ISBN 7-5025-7300-3(精装):CNY75.00 |
| 本书主要介绍了国内外化学生物学发展的前沿动态和研究重点以及未来的发展趋势。 |
| ● |
| 相关链接 |
|
|
|
正题名:化学生物学进展
索取号:Q5/Z132
 
预约/预借
| 序号 | 登录号 | 条形码 | 馆藏地/架位号 | 状态 | 备注 |
| 1 | 555895 | 205558957 | 自科库401/401自科库 28排4列2层/ [索取号:Q5/Z132] | 在馆 | |
| 2 | 555896 | 205558966 | 自科库401/401自科库 28排4列2层/ [索取号:Q5/Z132] | 在馆 |